| 000 | 00357nam a22001577a 4500 | ||
|---|---|---|---|
| 020 | _a978-81-264-5096-7 | ||
| 082 |
_a894.812.3 _bHAR/A |
||
| 100 | _aHAREESH S | ||
| 245 | _aAADHAM | ||
| 246 |
_aAADHAM _bAADHAM |
||
| 260 |
_aKOTTAYAM _bDC BOOKS _c2014 |
||
| 300 | _a128 | ||
| 520 | _aSHORT STORY MALAYALAM | ||
| 650 | _a MALAYALAM SHORT STORY | ||
| 942 | _cBK | ||
| 999 |
_c7120 _d7120 |
||